| 000 | 00492nam a2200157Ia 4500 | ||
|---|---|---|---|
| 003 | GCL | ||
| 008 | 140319s9999 xx 000 0 ara d | ||
| 040 |
_aGCL / _cGCL |
||
| 082 | 0 | 4 |
_a573 _bد ت |
| 245 | 1 | 0 | _aالتطبيقات العملية لمبادىء علم الوراثة |
| 260 |
_aالقاهرة : _bدار الكتب الجامعية ، _c0 |
||
| 300 |
_a239 ص ؛ _c28 سم |
||
| 650 | 0 | 4 | _aالوراثة ، علم |
| 650 | 0 | 4 | _aالهندسة الوراثية |
| 942 |
_2ddc _cBK |
||
| 999 |
_c28836 _d28836 |
||